LIBRARY ONLINE CATALOGUE

Goods news to the poor (Record no. 16353)

MARC details
000 -LEADER
fixed length control field 00609nam a22001937a 4500
008 - FIXED-LENGTH DATA ELEMENTS--GENERAL INFORMATION
fixed length control field 170314b xxu||||| |||| 00| 0 eng d
020 ## - INTERNATIONAL STANDARD BOOK NUMBER
International Standard Book Number 1844740192
040 ## - CATALOGING SOURCE
Original cataloging agency KABU
Transcribing agency KABU
050 ## - LIBRARY OF CONGRESS CALL NUMBER
Classification number BV639
Item number .C44 2004 C.1
100 ## - MAIN ENTRY--PERSONAL NAME
Personal name Chester, Tim
245 ## - TITLE STATEMENT
Title Goods news to the poor
Remainder of title Sharing the gospel through social involvement
Statement of responsibility, etc. by Tim Chester
260 ## - PUBLICATION, DISTRIBUTION, ETC. (IMPRINT)
Place of publication, distribution, etc. England
Name of publisher, distributor, etc. Inter- varsity press
Date of publication, distribution, etc. 2004
300 ## - PHYSICAL DESCRIPTION
Extent 195 p.
650 ## - SUBJECT ADDED ENTRY--TOPICAL TERM
Topical term or geographic name as entry element Church work with the poor
650 ## - SUBJECT ADDED ENTRY--TOPICAL TERM
Topical term or geographic name as entry element Evangelistic work
650 ## - SUBJECT ADDED ENTRY--TOPICAL TERM
Topical term or geographic name as entry element Social gospel
650 ## - SUBJECT ADDED ENTRY--TOPICAL TERM
Topical term or geographic name as entry element Missions
942 ## - ADDED ENTRY ELEMENTS (KOHA)
Source of classification or shelving scheme Library of Congress Classification
Koha item type General Collection
Classification part BV639 .C44 2004 C.1
Holdings
Withdrawn status Lost status Source of classification or shelving scheme Not for loan Home library Current library Shelving location Date acquired Cost, normal purchase price Total Checkouts Full call number Barcode Date last seen Copy number Price effective from Koha item type
    Library of Congress Classification   Kabarak, Main Campus Kabarak, Main Campus General Stacks 14/03/2017 1682.00   BV639 .C44 2004 C.1 021983 02/08/2024 C.1 14/03/2017 General Collection